000 02017nam a22002537a 4500
005 20251013113222.0
008 251013b |||||||| |||| 00| 0 eng d
020 _a9780195693409
040 _cAL
041 _aeng
082 _a621.3815
_bBELE
100 _aDavid A Bell
_9242107
245 _aElectronic devices and circuits Ed 5
250 _a5
260 _aNew Delhi
_bOxford University Press
_cNew Delhi
300 _axx,1072p.
_bPB
_c24x16cm
365 _2Engineering
_aABDI/0818/25
_b746.25
_c
_d995.00
_e25%
_f03-10-2025
520 _aThe book provides lucid explanations of the operation of all important electronic devices generally available today. Beginning with basic semiconductor and pn junction theory, it explains how each device operates, discusses the characteristics and parameters of each device, and presents appropriate circuit applications. It also explains circuit design and analysis methods using the currently available devices and standard-value components. The fifth edition of Electronic Devices and Circuits is designed for undergraduate engineering courses of electrical and electronics, instrumentation and control, and electronics and instrumentation. Earlier editions of this popular book already feature as one of the main recommended textbooks in several courses related to electronic devices and circuits of some of the major universities throughout the world. This edition offers a more complete coverage of the syllabuses of various universities throughout the world, including those in India. Apart from a new chapter on active filters, this edition also covers BJT switching time improvements, the 555 timer as a pulse generator, circuit testing and troubleshooting methods, RC and LC supply filters, tuned circuit amplifiers, class C amplifiers, the photomultiplier tube, and the laser diode.
650 _aSemiconductor Diodes
_9242103
650 _aBJT Biasing
_9242104
650 _aFET Biasing
_9242105
650 _aThyristors
_9242106
942 _2ddc
_cBK
999 _c240534
_d240534